Mašiny dľa soderžanija i remonta avtomobiľnych dorog i aerodromov.

Uložené v:
Podrobná bibliografia
Hlavný autor: Balovnev, V. I.
Médium: Kniha
Jazyk:Slovak
Vydané: 1964.
Tagy: Pridať tag
Žiadne tagy, Buďte prvý kto otaguje tento záznam!

MARC

LEADER 00000nam a22000004a 4500
001 000516886
005 20160805073922.0
008 160805s1964 xo e 000 0 slo d
040 |a SVKKK  |b slo  |c SVKKK  |e AACR2 
100 1 |a Balovnev, V. I. 
245 1 0 |a Mašiny dľa soderžanija i remonta avtomobiľnych dorog i aerodromov. 
260 |c 1964. 
500 |a Záznam revízie 
910 |a svkkk 
998 |a BK 
090 |g SCKHL  |k Sklad  |a X0.4852  |j 020867  |i 516886-10  |4 Zastaraná  |s Vyradená